000 00736nam a2200289Ia 4500
005 20260324111725.0
008 008 260324s9999 xx 000 0 eng d
020 _a9781041055839
037 _aEBOOK
040 _aCRL
040 _beng
040 _cCRL
041 _2eng
041 _aeng
084 _qCRL
100 _aKaren Mpamhanga; Nicholas Garnett; Aneta Hayes; Joy Jarvis
_91139753
245 0 _aIndicators of Teaching Excellence in Higher Education
245 2 _bA Critical Approach
260 _bTaylor and Francis
260 _c2025
365 _a
365 _b120
856 _uhttp://www.taylorfrancis.com/books/9781041055839
942 _cEBOOK
999 _c1728666
_d1728666